Introductory course in Differtial Equations (Record no. 658)

MARC details
000 -LEADER
Fixed length control field 00453nam a2200169 4500
003 - CONTROL NUMBER IDENTIFIER
Control field SEACOMEC
005 - DATE AND TIME OF LATEST TRANSACTION
Control field 20240219143402.0
008 - FIXED-LENGTH DATA ELEMENTS--GENERAL INFORMATION
Fixed length control field 240219b |||||||| |||| 00| 0 eng d
020 ## - INTERNATIONAL STANDARD BOOK NUMBER / ISBN
Price RS.165.00
040 ## - CATALOGING SOURCE
Original cataloging agency SEACOMEC
082 ## - DEWEY DECIMAL CLASSIFICATION NUMBER
Classification number 518300
Book Number M981
100 ## - MAIN ENTRY--PERSONAL NAME
Personal name Murray,Daniel A.
245 1# - TITLE STATEMENT
Title Introductory course in Differtial Equations
Statement of responsibility Daniel A. Murray
260 ## - IMPRINT
Place of publication Chennai
Name of publisher Orient Longman
650 ## - SUBJECT ADDED ENTRY--TOPICAL TERM
Topical term mathematics,Numerical analysis
942 ## - ADDED ENTRY ELEMENTS (KOHA)
Koha item type Books
Holdings
Withdrawn status Lost status Source of classification Damaged status Not for loan Home library Current library Date acquired Total Checkouts Call number Accession number Date last seen Copy number Price effective from Koha item type
    Dewey Decimal Classification     SEACOM ENGINEERING COLLEGE SEACOM ENGINEERING COLLEGE 08/06/2006   518300 M981 02637 19/02/2024 5 19/02/2024 Books
    Dewey Decimal Classification     SEACOM ENGINEERING COLLEGE SEACOM ENGINEERING COLLEGE 08/06/2006   518300 M981 02638 19/02/2024 6 19/02/2024 Books
    Dewey Decimal Classification     SEACOM ENGINEERING COLLEGE SEACOM ENGINEERING COLLEGE 08/06/2006   518300 M981 02639 19/02/2024 7 19/02/2024 Books
    Dewey Decimal Classification     SEACOM ENGINEERING COLLEGE SEACOM ENGINEERING COLLEGE 08/06/2006   518300 M981 02640 19/02/2024 8 19/02/2024 Books
    Dewey Decimal Classification     SEACOM ENGINEERING COLLEGE SEACOM ENGINEERING COLLEGE 08/06/2006   518300 M981 02641 19/02/2024 9 19/02/2024 Books
© Seacom Engineering College, All rights reserved.      Powered by Koha